The noble scholar, jurist, historian


 His Excellency Dr. Abdul Wahhab bin Ibrahim Abu Sulaiman, may Allah have mercy on him.


 He was born in Umm Al-Qura in the year 1356 AH.

الألفاظ الكتابية في علم العربية / (Record no. 1122)

MARC details
000 -LEADER
fixed length control field 02663cam a22003371i 4500
003 - CONTROL NUMBER IDENTIFIER
control field SA-RiAUC
005 - DATE AND TIME OF LATEST TRANSACTION
control field 20241010074832.0
008 - FIXED-LENGTH DATA ELEMENTS--GENERAL INFORMATION
fixed length control field 241009s2011____le g b 000 0 ara c
020 ## - INTERNATIONAL STANDARD BOOK NUMBER
International Standard Book Number 9789933446772
040 ## - CATALOGING SOURCE
Original cataloging agency SA-JeALM
Language of cataloging ara
Transcribing agency SA-RiAUC
Modifying agency KAC
Description conventions rda
082 04 - DEWEY DECIMAL CLASSIFICATION NUMBER
Classification number 412
Assigning agency SA-RiAUC
090 ## - LOCALLY ASSIGNED LC-TYPE CALL NUMBER (OCLC); LOCAL CALL NUMBER (RLIN)
Classification number (OCLC) (R) ; Classification number, CALL (RLIN) (NR) 412
Local cutter number (OCLC) ; Book number/undivided call number, CALL (RLIN) هـ م ذ
100 1# - MAIN ENTRY--PERSONAL NAME
Personal name الهمذاني، عبد الرحمن بن عيسى بن حماد،
Dates associated with a name توفي 320 هجري.
Relator term مؤلف.
245 12 - TITLE STATEMENT
Title الألفاظ الكتابية في علم العربية /
Statement of responsibility, etc. تأليف عبد الرحمن بن عيسى بن حماد الهمذاني. ومعه منظومة تذكرة الحفاظ في بعض المترادف من الألفاظ / نظم سعيد بن سعد نبهان الحضرمي ؛ تحقيق موفق صلاح الشيخ.
250 ## - EDITION STATEMENT
Edition statement الطبعة الأولى.
264 #1 - PRODUCTION, PUBLICATION, DISTRIBUTION, MANUFACTURE, AND COPYRIGHT NOTICE
Place of production, publication, distribution, manufacture بيروت :
Name of producer, publisher, distributor, manufacturer مؤسسة الرسالة،
Date of production, publication, distribution, manufacture, or copyright notice 2011
300 ## - PHYSICAL DESCRIPTION
Extent 440 صفحة ؛
Dimensions 24 سم
336 ## - CONTENT TYPE
Content type term نص
Content type code txt
Source rdacontent
Materials specified كتاب
337 ## - MEDIA TYPE
Media type term بدون وسيط
Media type code n
Source rdamedia
338 ## - CARRIER TYPE
Carrier type term مجلد
Carrier type code nc
Source rdacarrier
504 ## - BIBLIOGRAPHY, ETC. NOTE
Bibliography, etc. note يشتمل على إرجاعات ببليوجرافية.
520 ## - SUMMARY, ETC.
Summary, etc. يبحث الكتاب في ألفاظ العربية وتعابيرها وأساليبها وذخيرة لغوية في الترادف والتشبيهات وفنون القول وهو كتاب أدب وإنشاء ولغة وأمثال ومعجم موضوعي يسهل عملية الإنشاء الكتابي البليغ في اختيار المفردات والتعابير في الموضوعات التي يكتب فيها يقول مؤلفه "جمعت في كتابي هذا لجميع الطبقات أجناسا من ألفاظ كتاب الرسائل والدواوين البعيدة من الاشتباه والالتباس، على مذاهب الكتاب وأهل الخطابة"، وهذه طبعة محققة وعليها تعليقات مفيدة.
650 #7 - SUBJECT ADDED ENTRY--TOPICAL TERM
Topical term or geographic name entry element اللغة العربية
General subdivision تعبيرات اصطلاحية
Source of heading or term aucsh
650 #7 - SUBJECT ADDED ENTRY--TOPICAL TERM
Topical term or geographic name entry element اللغة العربية
General subdivision اشتقاق
Source of heading or term aucsh
700 1# - ADDED ENTRY--PERSONAL NAME
Personal name الشيخ، موفق صالح
Relator term محقق.
700 12 - ADDED ENTRY--PERSONAL NAME
Relationship information تحقيق لـ :
Personal name الهمذاني، عبد الرحمن بن عيسى بن حماد،
Dates associated with a name توفي 320 هجري.
Title of a work الألفاظ الكتابية
700 12 - ADDED ENTRY--PERSONAL NAME
Relationship information مع (عمل) :
Personal name الحضرمي، سعيد بن سعد بن نبهان،
Dates associated with a name توفي 1354 هجري.
Title of a work منظومة تذكرة الحفاظ في بعض المترادف من الألفاظ
710 2# - ADDED ENTRY--CORPORATE NAME
Corporate name or jurisdiction name as entry element مركز الرسالة للدراسات وتحقيق التراث (بيروت)
Relator term محقق.
942 ## - ADDED ENTRY ELEMENTS (KOHA)
Source of classification or shelving scheme Dewey Decimal Classification
Koha item type Books
Suppress in OPAC No
949 ## - LOCAL PROCESSING INFORMATION (OCLC)
a SA-JeALM
d 241009
u mohamedma123
n 1
Holdings
Withdrawn status Lost status Source of classification or shelving scheme Damaged status Not for loan Home library Current library Date acquired Total checkouts Full call number Barcode Date last seen Price effective from Koha item type
    Dewey Decimal Classification     DR AbdElwahab Library DR AbdElwahab Library 10/10/2024   412 هـ م ذ 000001566 10/10/2024 10/10/2024 Books